[Event "Tata Steel 2012"]
[Site "Wijk aan Zee NED"]
[Date "2012.01.20"]
[Round "6"]
[White "Caruana, F."]
[Black "Van Wely, L."]
[Result "1/2-1/2"]
[WhiteElo "2736"]
[BlackElo "2692"]
[PlyCount "138"]
[EventDate "2012.01.14"]

1. e4 d5 2. exd5 Qxd5 3. Nc3 Qa5 4. d4 Nf6 5. Nf3 c6 6. Bc4 Bf5 7. Bd2 e6 8.
Nd5 Qd8 9. Nxf6+ gxf6 10. O-O Nd7 11. Nh4 Bg6 12. c3 Qc7 13. Qf3 O-O-O 14. Bf4
Bd6 15. Bxd6 Qxd6 16. g3 c5 17. Rfd1 Bc2 18. Rd2 Ne5 19. Qxf6 Nxc4 20. Rxc2
Rhf8 21. Rd1 Qd5 22. b3 Nd6 23. c4 Qh5 24. Qf3 Qxf3 25. Nxf3 b6 26. dxc5 bxc5
27. Re2 Nb7 28. Rxd8+ Kxd8 29. Re5 Ke7 30. Rh5 Rh8 31. Ne5 a5 32. f4 a4 33.
bxa4 h6 34. g4 Ra8 35. g5 f6 36. gxf6+ Kxf6 37. Nd7+ Ke7 38. Ne5 Kf6 39. Kg2
Kg7 40. f5 exf5 41. Rxf5 Nd6 42. Rf2 Rxa4 43. Rc2 Ra3 44. Kf1 Nf5 45. Ke1 Ne3
46. Re2 Kf6 47. Nd7+ Kf5 48. Rf2+ Kg4 49. Ne5+ Kg5 50. Kd2 h5 51. Re2 Ng4 52.
Kc1 Nxe5 53. Rxe5+ Kf4 54. Rxh5 Rxa2 55. h4 Ke3 56. Rd5 Rh2 57. h5 Rh4 58. Rxc5
Kd4 59. Ra5 Rh2 60. Kd1 Kxc4 61. Ke1 Kd4 62. Kf1 Ke4 63. Kg1 Rb2 64. h6 Kf4 65.
Ra8 Rb7 66. Kg2 Kg5 67. Ra6 Rh7 68. Kg3 Rxh6 69. Rxh6 Kxh6 1/2-1/2

[Event "Tata Steel 2012"]
[Site "Wijk aan Zee NED"]
[Date "2012.01.20"]
[Round "6"]
[White "Giri, A."]
[Black "Kamsky, G."]
[Result "1-0"]
[WhiteElo "2714"]
[BlackElo "2732"]
[PlyCount "171"]
[EventDate "2012.01.14"]

1. Nf3 c5 2. c4 Nf6 3. g3 Nc6 4. Bg2 d6 5. Nc3 g6 6. d4 cxd4 7. Nxd4 Bd7 8. O-O
Bg7 9. Nc2 Rc8 10. Bd2 h5 11. h3 Be6 12. Ne3 Qd7 13. Kh2 Nd4 14. Ncd5 Bxd5 15.
cxd5 Qb5 16. Re1 Qxb2 17. Qa4+ b5 18. Qa5 Ng4+ 19. hxg4 hxg4+ 20. Kg1 Nxe2+ 21.
Kf1 Nc3 22. Bxc3 Qxc3 23. Qxb5+ Kf8 24. Rad1 f5 25. Qb1 Qb2 26. Qxb2 Bxb2 27.
Rd3 Kf7 28. Rb1 Bf6 29. Ke2 Rc5 30. Ra3 Rh2 31. Rh1 Rxh1 32. Bxh1 Rc1 33. Bg2
Bd4 34. Rd3 Bc5 35. Rd1 Rc3 36. Rd3 Rc1 37. Rd1 Rc3 38. Rd2 Rc1 39. f3 gxf3+
40. Bxf3 Kf6 41. g4 Kg5 42. gxf5 gxf5 43. Bg2 Kf4 44. Nf1 a5 45. Kd3 a4 46. Rc2
Rd1+ 47. Ke2 Rb1 48. Rc4+ Kg5 49. Kd3 Rb2 50. Rc2 Rb4 51. Nd2 Rg4 52. Bh1 Rd4+
53. Ke2 Rb4 54. Bf3 a3 55. Nb3 Bb6 56. Rc3 Rh4 57. Bg2 Rg4 58. Kf1 Rb4 59. Bf3
Kf6 60. Ke2 Rh4 61. Bg2 Rg4 62. Kf1 Rb4 63. Rc2 Rg4 64. Nd2 Rb4 65. Ke2 Bc5 66.
Nf3 Re4+ 67. Kd3 Re3+ 68. Kd2 Re4 69. Bf1 e6 70. dxe6 Rxe6 71. Rc4 Re8 72. Rh4
Be3+ 73. Kc2 Bc5 74. Bc4 Re3 75. Bd5 Re2+ 76. Kd3 Rf2 77. Rh6+ Kg7 78. Re6 Rf1
79. Kc4 Rd1 80. Re1 Rxe1 81. Nxe1 Kg6 82. Nd3 Ba7 83. Kb3 Kg5 84. Kxa3 f4 85.
Kb3 Kg4 86. Ne1 1-0

[Event "Tata Steel 2012"]
[Site "Wijk aan Zee NED"]
[Date "2012.01.20"]
[Round "6"]
[White "Navara, D."]
[Black "Carlsen, M."]
[Result "1/2-1/2"]
[WhiteElo "2712"]
[BlackElo "2835"]
[PlyCount "162"]
[EventDate "2012.01.14"]

1. d4 d5 2. c4 c6 3. Nc3 Nf6 4. e3 e6 5. Nf3 Nbd7 6. Qc2 Bd6 7. Bd3 O-O 8. O-O
dxc4 9. Bxc4 b5 10. Bd3 Bb7 11. Rd1 b4 12. Na4 c5 13. dxc5 Rc8 14. Qe2 Nxc5 15.
Nxc5 Rxc5 16. e4 Nxe4 17. Bxe4 Bxe4 18. Rxd6 Bxf3 19. Qd2 Rd5 20. Rxd8 Rfxd8
21. Qe1 Rd1 22. Bg5 Rxe1+ 23. Rxe1 Rd5 24. Be7 Bg4 25. Bxb4 h5 26. Bc3 f6 27.
f3 Bf5 28. Re2 e5 29. Rd2 Rc5 30. Kf2 Kf7 31. h4 Be6 32. Rd6 Bc8 33. Rd8 Rc4
34. Kg3 Be6 35. a3 Rc7 36. Ba5 Rc2 37. Ra8 Rxb2 38. Rxa7+ Kg8 39. Bb4 Bc4 40.
Rd7 Bf1 41. Rd2 Rb3 42. Kf2 Bd3 43. Ke3 Bb5+ 44. Kf2 Kf7 45. Rd5 Bd3 46. Rd7+
Kg8 47. Rd8+ Kh7 48. Rd7 Bf5 49. Ra7 Kg8 50. Ra8+ Kh7 51. Ra7 Rb2+ 52. Kg1 e4
53. Bf8 Kg8 54. Bxg7 e3 55. Bxf6 Rb1+ 56. Kh2 e2 57. Bc3 e1=Q 58. Bxe1 Rxe1 59.
Kg3 Bg6 60. a4 Re2 61. Ra5 Ra2 62. Kf4 Kg7 63. g4 Bf7 64. Ra7 Rc2 65. gxh5 Rc6
66. Kg4 Rf6 67. Rc7 Ra6 68. h6+ Kf6 69. h7 Rxa4+ 70. f4 Ra8 71. f5 Rh8 72. h5
Rxh7 73. Rc6+ Kg7 74. h6+ Kh8 75. Rc8+ Bg8 76. f6 Ra7 77. Re8 Kh7 78. Re7+ Rxe7
79. fxe7 Bf7 80. Kf5 Kxh6 81. e8=B Bxe8 1/2-1/2

[Event "Tata Steel 2012"]
[Site "Wijk aan Zee NED"]
[Date "2012.01.20"]
[Round "6"]
[White "Topalov, V."]
[Black "Ivanchuk, V."]
[Result "1/2-1/2"]
[WhiteElo "2770"]
[BlackElo "2766"]
[PlyCount "118"]
[EventDate "2012.01.14"]

1. e4 e5 2. Nf3 Nc6 3. Bb5 Nf6 4. O-O Nxe4 5. d4 Nd6 6. Bxc6 dxc6 7. dxe5 Nf5
8. Qxd8+ Kxd8 9. Nc3 Be6 10. Rd1+ Ke8 11. Ng5 Bc8 12. Ne2 a5 13. a4 b6 14. b3
c5 15. Bb2 Be7 16. Ne4 Be6 17. Nf4 h5 18. g3 Rd8 19. Rxd8+ Kxd8 20. Rd1+ Kc8
21. Nxe6 fxe6 22. Kf1 Rd8 23. Rxd8+ Bxd8 24. Ke2 Kd7 25. Kd3 Ne7 26. f4 Nd5 27.
c3 Be7 28. Bc1 Bd8 29. Bd2 Kc6 30. c4 Ne7 31. Ng5 Kd7 32. Ke4 Nf5 33. Nf3 Ke8
34. Be1 Kf7 35. h3 Nh6 36. Bf2 Be7 37. Be3 g6 38. Nh2 Ke8 39. Nf3 Kf7 40. Ng1
Bd8 41. Ne2 Ke8 42. Nc3 Kd7 43. Kf3 Nf5 44. Ne2 Ne7 45. Ke4 Nf5 46. g4 hxg4 47.
hxg4 Nh6 48. Kf3 Bh4 49. Nc3 Be1 50. Ne4 Nf7 51. Ke2 Bh4 52. g5 Nd8 53. Nf6+
Ke7 54. Ng4 Nc6 55. Nh2 Kd7 56. Nf3 Bg3 57. Kd3 Ne7 58. Ke4 Nf5 59. Kd3 Kc6
1/2-1/2

[Event "Tata Steel 2012"]
[Site "Wijk aan Zee NED"]
[Date "2012.01.20"]
[Round "6"]
[White "Aronian, L."]
[Black "Gashimov, V."]
[Result "1-0"]
[WhiteElo "2805"]
[BlackElo "2761"]
[PlyCount "95"]
[EventDate "2012.01.14"]

1. d4 Nf6 2. c4 e6 3. Nf3 c5 4. d5 d6 5. Nc3 exd5 6. cxd5 g6 7. Bf4 Bg7 8. Qa4+
Bd7 9. Qb3 b5 10. Bxd6 Qb6 11. Be5 O-O 12. e3 c4 13. Qd1 b4 14. Ne2 Bb5 15.
Ned4 Nbd7 16. Nxb5 Qxb5 17. Bd4 Qxd5 18. Be2 Nb6 19. O-O Rac8 20. Rc1 Rfd8 21.
Qe1 c3 22. bxc3 bxc3 23. Ba6 Rc7 24. Rxc3 Rxc3 25. Qxc3 Ne4 26. Qa3 Bxd4 27.
Nxd4 Qc5 28. Qxc5 Nxc5 29. Bb5 Ne6 30. Nxe6 fxe6 31. Rc1 Rd2 32. a4 Ra2 33. g3
a6 34. Bxa6 Rxa4 35. Bb5 Ra5 36. Be2 Nd7 37. Rc7 Nf8 38. Bc4 Ra4 39. Kg2 Rb4
40. h4 h6 41. f4 h5 42. Kf3 Ra4 43. Ke4 Kh8 44. Ke5 Kg8 45. Kf6 Ra5 46. e4 Ra4
47. e5 Ra3 48. Rc8 1-0

[Event "Tata Steel 2012"]
[Site "Wijk aan Zee NED"]
[Date "2012.01.20"]
[Round "6"]
[White "Radjabov, T."]
[Black "Karjakin, Sergey"]
[Result "1-0"]
[WhiteElo "2773"]
[BlackElo "2769"]
[PlyCount "123"]
[EventDate "2012.01.14"]

1. d4 Nf6 2. c4 e6 3. Nf3 b6 4. g3 Ba6 5. Nbd2 d5 6. Bg2 Be7 7. O-O O-O 8. b3
c5 9. dxc5 bxc5 10. Ne5 Bb7 11. Bb2 Nbd7 12. e3 Nxe5 13. Bxe5 Nd7 14. Bb2 Bf6
15. Qc2 Qb6 16. cxd5 exd5 17. Rac1 Rac8 18. Rfd1 Rfd8 19. Bxf6 Nxf6 20. Qf5 g6
21. Qf4 Kg7 22. h4 a5 23. e4 dxe4 24. Nc4 Qe6 25. Rxd8 Rxd8 26. Qc7 Qd5 27. Ne3
Qd2 28. Rc2 Rd7 29. Qxc5 Qe1+ 30. Kh2 h5 31. Qe5 Qb4 32. Rc5 Qd2 33. Rc2 Qb4
34. Qg5 Nh7 35. Qf4 Qd4 36. Bh3 Re7 37. Rc7 Qf6 38. Rc5 Qb6 39. Rc2 Qa6 40. Rd2
Qf6 41. Qb8 Nf8 42. Qd8 Ne6 43. Bxe6 Rxe6 44. Qxa5 Ba6 45. Nd5 Qe5 46. Qc7 Bd3
47. Qxe5+ Rxe5 48. Nf4 Ba6 49. Nd5 Bd3 50. Nb4 Bf1 51. Nc2 Rb5 52. Ne3 Bd3 53.
Rb2 Kf6 54. a4 Ra5 55. Ra2 Ke5 56. b4 Ra7 57. Ra3 Kd4 58. b5 Kc5 59. Rc3+ Kd4
60. b6 Rxa4 61. b7 Rb4 62. Rc4+ 1-0

[Event "Tata Steel 2012"]
[Site "Wijk aan Zee NED"]
[Date "2012.01.21"]
[Round "7"]
[White "Karjakin, Sergey"]
[Black "Topalov, V."]
[Result "1-0"]
[WhiteElo "2769"]
[BlackElo "2770"]
[PlyCount "197"]
[EventDate "2012.01.14"]

1. e4 c5 2. Nc3 d6 3. f4 g6 4. Nf3 Bg7 5. Bb5+ Bd7 6. Bc4 Nc6 7. O-O Na5 8. Be2
Nf6 9. d3 O-O 10. Qe1 Nc6 11. Qh4 Nd4 12. Bd1 Rc8 13. Kh1 b5 14. Nxd4 cxd4 15.
Nb1 Rc5 16. Nd2 Qc7 17. Nb3 Rxc2 18. Bxc2 Qxc2 19. Qg3 Rc8 20. f5 Qe2 21. Bg5
Qxb2 22. Rab1 Qxa2 23. Nxd4 Qa4 24. Ne2 Rc2 25. Qf3 gxf5 26. Ng3 fxe4 27. Nxe4
Nxe4 28. dxe4 f6 29. Ra1 Ra2 30. Rac1 Rc2 31. Ra1 Qd4 32. Be3 Qe5 33. Bf4 Qe6
34. Qg3 Kf8 35. Rxa7 b4 36. Rb7 Re2 37. Qf3 Rc2 38. Rxb4 Qg4 39. Rb7 Qxf3 40.
gxf3 Be8 41. Rc1 Rxc1+ 42. Bxc1 Bg6 43. Bf4 Bf7 44. Kg2 Be6 45. Bd2 Ke8 46. Rb5
Kf7 47. f4 Bd7 48. Ra5 f5 49. exf5 Bf6 50. Kf3 h5 51. Ke4 Bc6+ 52. Kd3 Bg2 53.
Be3 Bf1+ 54. Kd2 Bg2 55. Bb6 Be4 56. Ke3 Bc2 57. Bd4 Bxd4+ 58. Kxd4 Kf6 59. Ra8
Bxf5 60. Rf8+ Ke6 61. Ke3 Bg6 62. Kf3 Bf7 63. f5+ Kf6 64. Kf4 Kg7 65. Rb8 Kf6
66. Rd8 e5+ 67. fxe6 Bxe6 68. Rxd6 h4 69. Rb6 h3 70. Rc6 Kf7 71. Ke5 Bg4 72.
Rc4 Bd7 73. Rc7 Ke8 74. Kd6 Bg4 75. Re7+ Kf8 76. Re4 Bc8 77. Kc7 Ba6 78. Re3
Kg7 79. Rxh3 Kg6 80. Kd6 Kg5 81. Ke5 Be2 82. Rg3+ Kh6 83. Kf5 Bd1 84. Rh3+ Kg7
85. Kg5 Be2 86. Re3 Bd1 87. Re7+ Kf8 88. Kf6 Kg8 89. Kg6 Bc2+ 90. Kh6 Kf8 91.
Rg7 Bd3 92. Rg5 Kf7 93. Rg3 Bc2 94. Rg7+ Kf8 95. Rg2 Be4 96. Rg4 Bc2 97. Rg5
Kf7 98. Kh5 Kf6 99. Kg4 1-0

[Event "Tata Steel 2012"]
[Site "Wijk aan Zee NED"]
[Date "2012.01.21"]
[Round "7"]
[White "Ivanchuk, V."]
[Black "Aronian, L."]
[Result "1/2-1/2"]
[WhiteElo "2766"]
[BlackElo "2805"]
[PlyCount "59"]
[EventDate "2012.01.14"]

1. c4 e6 2. Nf3 d5 3. d4 Be7 4. g3 Nf6 5. Bg2 O-O 6. O-O dxc4 7. Qc2 a6 8. Qxc4
b5 9. Qc2 Bb7 10. Bg5 Nbd7 11. Bxf6 Nxf6 12. Nbd2 Rc8 13. Nb3 c5 14. dxc5 Be4
15. Qc3 Bd5 16. Rfc1 Nd7 17. Qe3 h6 18. Rc2 Bxb3 19. Qxb3 Rxc5 20. Rac1 Qb6 21.
Rxc5 Bxc5 22. e3 Rc8 23. Rc3 Rc7 24. Qc2 Bd6 25. Rxc7 Qxc7 26. Nd4 Qxc2 27.
Nxc2 Nc5 28. b4 Nd7 29. a3 Be5 30. Bb7 1/2-1/2

[Event "Tata Steel 2012"]
[Site "Wijk aan Zee NED"]
[Date "2012.01.21"]
[Round "7"]
[White "Gashimov, V."]
[Black "Caruana, F."]
[Result "1/2-1/2"]
[WhiteElo "2761"]
[BlackElo "2736"]
[PlyCount "100"]
[EventDate "2012.01.14"]

1. e4 e5 2. Nf3 Nc6 3. Bb5 a6 4. Ba4 Nf6 5. O-O b5 6. Bb3 Bc5 7. a4 Rb8 8. c3
d6 9. d4 Bb6 10. a5 Ba7 11. h3 O-O 12. Re1 h6 13. Be3 Ra8 14. Nbd2 Re8 15. Bc2
Bb7 16. Bb1 Nb8 17. c4 exd4 18. Bxd4 bxc4 19. Bxa7 Rxa7 20. Ra3 Nbd7 21. Nd4
Ne5 22. Rg3 g6 23. f4 Nd3 24. Bxd3 cxd3 25. f5 g5 26. h4 g4 27. Rxd3 Ra8 28.
Rde3 h5 29. Qc1 Kh7 30. Ne2 Re5 31. Ng3 d5 32. Nb3 dxe4 33. Nc5 Bc6 34. b4 Qd6
35. Qa1 Bd5 36. Nd3 exd3 37. Qxe5 Qxe5 38. Rxe5 c6 39. Rd1 Rb8 40. Rxd3 Rxb4
41. Ra3 Kg7 42. Re2 Bc4 43. Rd2 Bd5 44. Ra1 Ne4 45. Nxe4 Bxe4 46. Rf1 Kf6 47.
Rd6+ Ke5 48. Rd8 Kf6 49. Rd6+ Ke5 50. Rd8 Kf6 1/2-1/2

[Event "Tata Steel 2012"]
[Site "Wijk aan Zee NED"]
[Date "2012.01.21"]
[Round "7"]
[White "Van Wely, L."]
[Black "Giri, A."]
[Result "1/2-1/2"]
[WhiteElo "2692"]
[BlackElo "2714"]
[PlyCount "132"]
[EventDate "2012.01.14"]

1. d4 Nf6 2. Bg5 c5 3. Bxf6 gxf6 4. d5 Qb6 5. Qc1 f5 6. g3 Bg7 7. c3 Qf6 8. e3
Na6 9. Ne2 Nc7 10. Nf4 Bh6 11. c4 d6 12. Nc3 Bd7 13. Be2 a6 14. a4 b6 15. Nh5
Qg6 16. Bf3 Rb8 17. Ne2 Rf8 18. Qd2 a5 19. O-O Kd8 20. Rfe1 Ne8 21. Nef4 Qg8
22. e4 Qh8 23. Qe2 Rb7 24. e5 Qxe5 25. Qxe5 dxe5 26. Rxe5 Nd6 27. b3 Rg8 28.
Rae1 Bf8 29. R5e3 Rb8 30. h4 Kc7 31. Bd1 Re8 32. Bc2 Kd8 33. R3e2 Rg4 34. Kh2
Rg8 35. f3 Kc7 36. Nd3 Rg6 37. Ne5 Rh6 38. Nxd7 Kxd7 39. g4 e6 40. Re5 Be7 41.
Kh3 Bd8 42. R1e2 Rf8 43. Bd3 fxg4+ 44. fxg4 exd5 45. Rxd5 Kc7 46. Bf5 Rg8 47.
Re3 Rf8 48. Ree5 Rg8 49. Bc2 Rf8 50. Bd1 Re8 51. Rxe8 Nxe8 52. g5 Rd6 53. Rxd6
Kxd6 54. Bc2 f6 55. g6 hxg6 56. Bxg6 Nc7 57. Bf5 Ne6 58. Bxe6 Kxe6 59. Ng7+ Ke5
60. Kg4 f5+ 61. Nxf5 Bxh4 62. Nxh4 Kd4 63. Kf3 Kc3 64. Ke3 Kxb3 65. Kd3 Kxa4
66. Kc3 b5 1/2-1/2

[Event "Tata Steel 2012"]
[Site "Wijk aan Zee NED"]
[Date "2012.01.21"]
[Round "7"]
[White "Carlsen, M."]
[Black "Gelfand, B."]
[Result "1-0"]
[WhiteElo "2835"]
[BlackElo "2739"]
[PlyCount "103"]
[EventDate "2012.01.14"]

1. d4 d5 2. c4 c6 3. Nf3 Nf6 4. e3 Bf5 5. Nc3 e6 6. Nh4 Bg6 7. Nxg6 hxg6 8. Bd3
Nbd7 9. O-O Bd6 10. h3 dxc4 11. Bxc4 O-O 12. Qc2 Qe7 13. Rd1 Rac8 14. Bd2 Nb6
15. Bf1 e5 16. dxe5 Bxe5 17. Rac1 Rcd8 18. Be1 Rxd1 19. Rxd1 Rd8 20. Rxd8+ Qxd8
21. g3 Qe7 22. Bg2 Bd6 23. Bd2 Qe6 24. b3 Nbd5 25. Ne2 Nb4 26. Qb1 Qf5 27. e4
Qc5 28. Nf4 g5 29. Ne2 g4 30. h4 Nd7 31. Be3 Qc2 32. Qxc2 Nxc2 33. Bxa7 Ba3 34.
Nc3 Bb2 35. Nd1 Bc1 36. Bf1 Nb4 37. a4 Nf6 38. e5 Nd7 39. Bd4 Nc2 40. Bc3 Nc5
41. Be2 Ne4 42. Bxg4 Nxc3 43. Nxc3 Bb2 44. e6 fxe6 45. Bxe6+ Kf8 46. Ne4 Nd4
47. Ng5 Ke7 48. Bg8 Kf8 49. Bc4 Ke7 50. Kg2 b5 51. Bg8 Kf8 52. a5 1-0

[Event "Tata Steel 2012"]
[Site "Wijk aan Zee NED"]
[Date "2012.01.21"]
[Round "7"]
[White "Kamsky, G."]
[Black "Navara, D."]
[Result "1-0"]
[WhiteElo "2732"]
[BlackElo "2712"]
[PlyCount "93"]
[EventDate "2012.01.14"]

1. e4 e5 2. Nf3 Nc6 3. Bb5 Nf6 4. O-O Nxe4 5. d4 Nd6 6. Bxc6 dxc6 7. dxe5 Nf5
8. Qxd8+ Kxd8 9. h3 Ke8 10. Nc3 h5 11. Bf4 Be6 12. Rfd1 Be7 13. Ng5 Rh6 14.
Nxe6 Rxe6 15. Kf1 Rd8 16. Rxd8+ Bxd8 17. Ne4 Be7 18. Re1 c5 19. c4 Nd4 20. Nc3
Ra6 21. Rd1 c6 22. Be3 b5 23. a3 b4 24. axb4 cxb4 25. Bxd4 bxc3 26. Bxc3 Ra4
27. Ke2 Rxc4 28. Ra1 Bc5 29. g3 Bb6 30. Kd3 Rc5 31. f4 Rb5 32. b4 g6 33. g4
hxg4 34. hxg4 Kd7 35. f5 gxf5 36. gxf5 c5 37. Kc4 Kc6 38. Rd1 Bc7 39. Rd5 a6
40. Rxc5+ Rxc5+ 41. bxc5 a5 42. f6 Kd7 43. Kd5 a4 44. c6+ Kd8 45. Bb4 Bb8 46.
e6 Ke8 47. Bd6 1-0

[Event "Tata Steel 2012"]
[Site "Wijk aan Zee NED"]
[Date "2012.01.24"]
[Round "9"]
[White "Van Wely, L."]
[Black "Gelfand, B."]
[Result "1/2-1/2"]
[WhiteElo "2692"]
[BlackElo "2739"]
[PlyCount "38"]
[EventDate "2012.01.14"]

1. d4 Nf6 2. c4 e6 3. Nc3 Bb4 4. Nf3 b6 5. Qb3 c5 6. Bg5 Bb7 7. a3 Bxc3+ 8.
Qxc3 h6 9. Bh4 g5 10. Bg3 Ne4 11. Qd3 Nxg3 12. hxg3 Qf6 13. O-O-O Bxf3 14. gxf3
Qxd4 15. Qxd4 cxd4 16. Rxd4 Nc6 17. Rd3 Ne5 18. Rc3 Rc8 19. e4 Ke7 1/2-1/2

[Event "Tata Steel 2012"]
[Site "Wijk aan Zee NED"]
[Date "2012.01.24"]
[Round "9"]
[White "Carlsen, M."]
[Black "Karjakin, Sergey"]
[Result "0-1"]
[WhiteElo "2835"]
[BlackElo "2769"]
[PlyCount "120"]
[EventDate "2012.01.14"]

1. Nf3 Nf6 2. c4 b6 3. Nc3 Bb7 4. d4 e6 5. a3 d5 6. Bg5 Be7 7. e3 O-O 8. Rc1 h6
9. Bxf6 Bxf6 10. cxd5 exd5 11. Bd3 c5 12. O-O Na6 13. Ne5 cxd4 14. exd4 Bxe5
15. dxe5 Nc5 16. Re1 Re8 17. f4 d4 18. Ne4 Bxe4 19. Bxe4 d3 20. Rc4 Rc8 21. Bf5
Qd5 22. Rc3 Rcd8 23. Qd2 Qd4+ 24. Kh1 a5 25. Rb1 a4 26. Rd1 Rd5 27. h4 g6 28.
Bxd3 Red8 29. Qe1 Qxf4 30. e6 Nxe6 31. Bc2 b5 32. Rxd5 Rxd5 33. Re3 Nd4 34. Bd3
Kg7 35. Kg1 Qf6 36. Kh2 Rh5 37. Rh3 Ne6 38. Rf3 Rxh4+ 39. Kg1 Qd4+ 40. Qf2
Qxf2+ 41. Kxf2 b4 42. Re3 Rd4 43. Bb5 Kf6 44. Rf3+ Ke7 45. Rd3 bxa3 46. bxa3
Rf4+ 47. Ke3 f5 48. Rd7+ Kf6 49. Rd6 Re4+ 50. Kf2 Kg5 51. Be8 Nf4 52. Bb5 Re5
53. Bc4 Nh5 54. Ra6 Nf6 55. Rxa4 Ng4+ 56. Kf1 Kh4 57. Be2 Kg3 58. Bxg4 fxg4 59.
Rb4 h5 60. a4 Kh2 0-1

[Event "Tata Steel 2012"]
[Site "Wijk aan Zee NED"]
[Date "2012.01.24"]
[Round "9"]
[White "Kamsky, G."]
[Black "Radjabov, T."]
[Result "1/2-1/2"]
[WhiteElo "2732"]
[BlackElo "2773"]
[PlyCount "109"]
[EventDate "2012.01.14"]

1. e4 e5 2. Nf3 Nc6 3. Bb5 a6 4. Ba4 Nf6 5. d3 d6 6. c3 Bd7 7. O-O g6 8. Re1
Bg7 9. d4 O-O 10. dxe5 Nxe5 11. Nxe5 dxe5 12. Bg5 Bxa4 13. Qxa4 h6 14. Bh4 Qd6
15. Na3 b5 16. Qb3 Rfd8 17. f3 Bf8 18. Red1 Qb6+ 19. Kf1 Be7 20. Bf2 Bc5 21.
Bg3 Re8 22. Nc2 Nh5 23. Be1 Rad8 24. Nb4 c6 25. Nd3 Be3 26. a4 Nf4 27. Nxf4
exf4 28. c4 bxc4 29. Qxb6 Bxb6 30. Rxd8 Rxd8 31. Rc1 Be3 32. Rxc4 c5 33. Ke2
Kf8 34. h4 Ke7 35. g3 Rb8 36. b4 cxb4 37. Bxb4+ Kd7 38. Bc3 Rb1 39. Be5 fxg3
40. Rc7+ Ke6 41. Bxg3 Bb6 42. Rc6+ Kd7 43. Rf6 Ke7 44. e5 Rb2+ 45. Kd3 Bf2 46.
Bxf2 Rxf2 47. h5 gxh5 48. Ke3 Ra2 49. Rxa6 h4 50. Kf4 h3 51. Rxh6 Rxa4+ 52. Kf5
Ra2 53. Rxh3 Ra3 54. Kf4 f6 55. exf6+ 1/2-1/2

[Event "Tata Steel 2012"]
[Site "Wijk aan Zee NED"]
[Date "2012.01.24"]
[Round "9"]
[White "Aronian, L."]
[Black "Caruana, F."]
[Result "1-0"]
[WhiteElo "2805"]
[BlackElo "2736"]
[PlyCount "93"]
[EventDate "2012.01.14"]

1. Nf3 c5 2. c4 Nc6 3. Nc3 e5 4. e3 Nf6 5. d4 cxd4 6. exd4 e4 7. Ne5 Bb4 8. Be2
Qa5 9. O-O Nxe5 10. dxe5 Qxe5 11. Bd2 Bc5 12. Nb5 O-O 13. b4 Be7 14. f4 Qe6 15.
Be3 Bxb4 16. Nc7 Qc6 17. Nxa8 b6 18. Rb1 Bc5 19. Bxc5 bxc5 20. Rb8 Bb7 21.
Rxf8+ Kxf8 22. Qb3 g6 23. Rb1 Bxa8 24. Qb8+ Kg7 25. Qxa7 e3 26. Bf3 d5 27. Re1
Qd6 28. Qxa8 d4 29. Qa3 Qxf4 30. Rf1 Qe5 31. Qd3 Qe8 32. g3 h5 33. Bg2 Qa4 34.
a3 Qa5 35. Bf3 Qa6 36. Be2 Qa5 37. Qb1 Qd2 38. Qe1 Qa2 39. g4 hxg4 40. Qg3 Qxe2
41. Qe5 d3 42. Rxf6 Kh6 43. Rxf7 Qe1+ 44. Kg2 Qe2+ 45. Kg3 Qe1+ 46. Kxg4 Qg1+
47. Kh3 1-0

[Event "Tata Steel 2012"]
[Site "Wijk aan Zee NED"]
[Date "2012.01.24"]
[Round "9"]
[White "Gashimov, V."]
[Black "Navara, D."]
[Result "1/2-1/2"]
[WhiteElo "2761"]
[BlackElo "2712"]
[PlyCount "79"]
[EventDate "2012.01.14"]

1. e4 e5 2. Nf3 Nc6 3. Bb5 Nf6 4. d3 Bc5 5. c3 O-O 6. Nbd2 d6 7. h3 a6 8. Ba4
Ba7 9. Nf1 d5 10. Qe2 b5 11. Bb3 d4 12. Ng3 a5 13. Bg5 h6 14. Bd5 hxg5 15. Bxc6
Rb8 16. cxd4 Bxd4 17. Rc1 Rb6 18. Qc2 g4 19. Nxd4 Qxd4 20. hxg4 Nxg4 21. Qd2
Qd6 22. Bd5 a4 23. Nh5 Qe7 24. f3 Nh6 25. g4 Rg6 26. Ng3 Qd8 27. Rh5 Be6 28. g5
Bxd5 29. gxh6 Rxg3 30. Qh2 Rg5 31. hxg7 Kxg7 32. Rh7+ Kf6 33. exd5 Qxd5 34.
Rh6+ Ke7 35. Rxc7+ Kd8 36. Rhc6 Qxf3 37. Rc8+ Ke7 38. R8c7+ Kd8 39. Rc8+ Ke7
40. R8c7+ 1/2-1/2

[Event "Tata Steel 2012"]
[Site "Wijk aan Zee NED"]
[Date "2012.01.25"]
[Round "10"]
[White "Navara, David"]
[Black "Ivanchuk, Vassily"]
[Result "0-1"]
[WhiteElo "2712"]
[BlackElo "2766"]
[PlyCount "82"]
[EventDate "2012.01.14"]

1. d4 Nf6 2. c4 e6 3. Nf3 c5 4. d5 d6 5. Nc3 exd5 6. cxd5 g6 7. e4 Bg7 8. h3 a6
9. a4 Nbd7 10. Bd3 Nh5 11. Bg5 Bf6 12. Be3 O-O 13. O-O Re8 14. a5 Rb8 15. Qc2
Ne5 16. Be2 Nxf3+ 17. Bxf3 Ng7 18. Bf4 b5 19. axb6 Rxb6 20. Ra2 Bd4 21. Ne2 Be5
22. Bxe5 Rxe5 23. Nf4 Bd7 24. Rfa1 Bb5 25. Be2 Qf6 26. Bxb5 Qxf4 27. Bd3 f5 28.
g3 Qf3 29. exf5 Nxf5 30. Bxf5 Re2 31. Be6+ Kf8 32. Qxe2 Qxe2 33. b4 Qe4 34.
Rxa6 Rxa6 35. Rxa6 c4 36. Rc6 c3 37. Rc8+ Kg7 38. Rc7+ Kf6 39. Kh2 Qd4 40. f4
g5 41. fxg5+ Ke5 0-1

[Event "Tata Steel 2012"]
[Site "Wijk aan Zee NED"]
[Date "2012.01.25"]
[Round "10"]
[White "Radjabov, Teimour"]
[Black "Van Wely, Loek"]
[Result "1/2-1/2"]
[WhiteElo "2773"]
[BlackElo "2692"]
[PlyCount "79"]
[EventDate "2012.01.14"]

1. d4 f5 2. Nf3 Nf6 3. Bg5 e6 4. Nbd2 d5 5. e3 Be7 6. c4 c6 7. Qc2 O-O 8. Bd3
Ne4 9. Bxe7 Qxe7 10. Ne5 Nd7 11. Ndf3 Qb4+ 12. Ke2 Ndf6 13. c5 Bd7 14. Rhb1 Be8
15. Kf1 h6 16. Kg1 Qa5 17. b4 Qc7 18. a4 a6 19. Ra3 Bh5 20. Rab3 Bxf3 21. gxf3
Ng5 22. f4 Nf7 23. Ng6 Rfb8 24. b5 axb5 25. axb5 Nd7 26. f3 Nh8 27. Ne5 Nxe5
28. fxe5 Ng6 29. Kh1 Qd8 30. Qg2 Nf8 31. Rg1 Qe7 32. Qb2 Rc8 33. Qd2 Ra4 34. e4
dxe4 35. fxe4 Rd8 36. bxc6 bxc6 37. exf5 exf5 38. Qxh6 Rdxd4 39. Qxc6 Qxe5 40.
Qf3 1/2-1/2

[Event "Tata Steel 2012"]
[Site "Wijk aan Zee NED"]
[Date "2012.01.25"]
[Round "10"]
[White "Gelfand, Boris"]
[Black "Gashimov, Vugar"]
[Result "1/2-1/2"]
[WhiteElo "2739"]
[BlackElo "2761"]
[PlyCount "49"]
[EventDate "2012.01.14"]

1. d4 Nf6 2. c4 e6 3. Nf3 b6 4. g3 Bb7 5. Bg2 c5 6. d5 exd5 7. Nh4 g6 8. Nc3
Bg7 9. Bg5 O-O 10. Qd2 Qe8 11. Bxf6 Bxf6 12. Nxd5 Bxd5 13. Bxd5 Nc6 14. Nf3 Rb8
15. Rc1 Nb4 16. b3 Nxd5 17. Qxd5 Qe6 18. Rd1 b5 19. cxb5 Rxb5 20. O-O Qxe2 21.
Rd2 Qe6 22. Qxd7 Qxd7 23. Rxd7 Ra5 24. Rd2 c4 25. bxc4 1/2-1/2

[Event "Tata Steel 2012"]
[Site "Wijk aan Zee NED"]
[Date "2012.01.25"]
[Round "10"]
[White "Karjakin, Sergey"]
[Black "Kamsky, Gata"]
[Result "0-1"]
[WhiteElo "2769"]
[BlackElo "2732"]
[PlyCount "80"]
[EventDate "2012.01.14"]

1. e4 e5 2. Nf3 Nc6 3. Bb5 a6 4. Ba4 Nf6 5. O-O Be7 6. d3 b5 7. Bb3 d6 8. a4
Bd7 9. c3 O-O 10. Nbd2 h6 11. Re1 Re8 12. Nh4 b4 13. Ng6 bxc3 14. bxc3 Na5 15.
Ba2 Nh7 16. Qh5 Nf6 17. Qf3 c5 18. d4 Qc7 19. Qg3 Bd8 20. dxe5 dxe5 21. Nh4 c4
22. Nf5 Bxf5 23. exf5 Qc6 24. Ba3 Bc7 25. Qe3 Rad8 26. Ne4 Bb6 27. Nxf6+ Qxf6
28. Qe4 Rd2 29. Rf1 Red8 30. Kh1 Nb3 31. Bxb3 cxb3 32. f4 Qh4 33. Rab1 R8d3 34.
Bc1 Rd1 35. Ba3 Rxb1 36. Rxb1 Re3 37. g3 Qh5 38. Qg2 exf4 39. gxf4 Re2 40. Qg3
Qxf5 0-1

[Event "Tata Steel 2012"]
[Site "Wijk aan Zee NED"]
[Date "2012.01.25"]
[Round "10"]
[White "Topalov, Veselin"]
[Black "Caruana, Fabiano"]
[Result "0-1"]
[WhiteElo "2770"]
[BlackElo "2736"]
[PlyCount "78"]
[EventDate "2012.01.14"]

1. Nf3 c5 2. e4 e6 3. d4 cxd4 4. Nxd4 a6 5. Bd3 Nf6 6. O-O e5 7. Bg5 h6 8. Bxf6
Qxf6 9. Nf5 g6 10. Ne3 Bc5 11. Nc3 d6 12. Ncd5 Qd8 13. Kh1 Nc6 14. Ng4 O-O 15.
Ngf6+ Kg7 16. c3 Be6 17. f4 Bxd5 18. Nxd5 exf4 19. Rxf4 Qg5 20. Qf1 Ne5 21. Rd1
Rae8 22. Bc2 h5 23. Bb3 Ng4 24. g3 Rxe4 25. Rxe4 Nf2+ 26. Qxf2 Bxf2 27. Kg2 Bc5
28. h4 Qf5 29. Re2 Qg4 30. Rde1 g5 31. Re4 Qf5 32. R1e2 gxh4 33. Nf4 Qg5 34.
Kh1 d5 35. Bxd5 hxg3 36. c4 Qh4+ 37. Kg2 Qh2+ 38. Kf3 Qh1+ 39. Kxg3 h4+ 0-1

[Event "Gibraltar Open"]
[Site "Caleta ENG"]
[Date "2012.01.24"]
[Round "1"]
[White "Svidler, Peter"]
[Black "Houska, Jovanka"]
[Result "1-0"]
[WhiteElo "2749"]
[BlackElo "2414"]
[PlyCount "81"]
[EventDate "2012.01.24"]

1. e4 c6 2. d4 d5 3. e5 Bf5 4. Nf3 e6 5. Be2 Nd7 6. O-O Ne7 7. Nbd2 Nc8 8. c3
Be7 9. Ne1 Bg6 10. Nd3 c5 11. Nf4 cxd4 12. cxd4 Ncb6 13. Nxg6 hxg6 14. Bd3 Rc8
15. Qe2 Nb8 16. f4 Nc6 17. Nf3 Nc4 18. b3 Na3 19. Bb2 Qb6 20. Rac1 a6 21. g4
Kd7 22. Kh1 Nb5 23. f5 gxf5 24. gxf5 Nb4 25. Bb1 Rxc1 26. Rxc1 Rc8 27. Rxc8
Kxc8 28. Qg2 exf5 29. Bxf5+ Kb8 30. Qxg7 Nxa2 31. Qxf7 Qd8 32. Qh7 Nac3 33. h4
Ne2 34. h5 Bg5 35. Bd3 Nbc3 36. Bxc3 Nxc3 37. Qg7 Be7 38. h6 Bf8 39. Qg8 Qc8
40. h7 Qh3+ 41. Nh2 1-0